El sentido de los principios penales

Saved in:
书目详细资料
主要作者: Yacobucci, Guillermo
格式: 图书
语言:西班牙语
出版: Montevideo B de F 2018
版:Primera edición
主题:
标签: 添加标签
没有标签, 成为第一个标记此记录!

MARC

LEADER 00000cam a2200000 a 4500
001 UCE4972
003 CL-VaPUC
005 20250423114420.0
008 141127e20140000uy |||||||||||||||||spa|d
999 |c 357824  |d 357822 
020 |a 9789974708433 
040 |c Pontificia Universidad Católica de Valparaíso 
041 0 |a spa 
082 |a 345.82 YAC 2018 
100 1 |a Yacobucci, Guillermo  |9 577448 
245 1 3 |a El sentido de los principios penales 
250 |a Primera edición 
260 3 |a Montevideo  |b B de F  |c 2018 
300 |a 910 p 
505 0 |a Parte primera. Los principios penales en general. Parte segunda. Los principios particulares en particular. Parte tercera. Fines y funciones de los principios penales. 
583 |a last modification  |c 20141127 16:34:00  |k Rodrigo Vera 
650 7 |a DERECHO PENAL  |2 CL-VaPUC  |9 11 
650 0 |a Derecho penal argentino  |9 473868 
942 |c BK  |2 ddc 
945 |d 20141127 16:34:00  |a dcastane 
952 |0 0  |1 0  |3 erd  |4 0  |6 345_820000000000000_YAC_2014  |7 0  |8 A  |9 465917  |a BIBDER  |b BIBDER  |i 512588K  |l 2  |o 345.82 YAC 2014  |p 512588K  |r 2024-08-06  |s 2024-08-06  |w 2019-11-23  |y BK  |z Catalogado en:20141127  |k DER 
952 |0 0  |1 0  |3 erb  |4 0  |6 345_820000000000000_YAC_2014  |7 0  |8 A  |9 465918  |a BIBDER  |b BIBDER  |i 5374561  |o 345.82 YAC 2014  |p 5374561  |r 2023-01-25  |w 2019-11-23  |y BK  |z Catalogado en:20170428  |k DER 
952 |0 0  |1 0  |2 ddc  |4 0  |6 345_820000000000000_YAC_2018  |7 0  |9 496051  |a BIBDER  |b BIBDER  |d 2020-01-17  |i 5613868  |l 8  |o 345.82 YAC 2018  |p 5613868  |q 2025-05-16  |r 2025-05-05  |s 2025-05-05  |t 1  |w 2020-01-17  |y BK  |k DER